000 00799nam a2200277Ia 4500
003 OSt
005 20221006160229.0
006 a|||||r|||| 00| 0
007 ta
008 221006b |||||||| |||| 00| 0 eng d
020 _a9781591145257
_c1,582.00
024 _a44,684
037 _bGift, Window on Korea
_cTextual
040 _aEASL
_cEASL
_beng
041 _2eng
_aeng
082 _aV4952:594, P5
100 _aMinnich James M.
_9672541
245 0 _aNorth Korean's army
_b Origins and current tactics
260 _aMaryland
_bNaval Institute Press
_c2005
300 _a200p.
_ccm.
490 _v KEL
650 _a Korea-North
_9672542
650 _aKEL
942 _hV4952:594, P5
_cTEXL
_2CC
999 _c1112776
_d1112776